DESIGN & MAKE FASHION BAGS & PURSES (Record no. 24699)
[ view plain ]
| 000 -LEADER | |
|---|---|
| fixed length control field | 00302nam a22001337a 4500 |
| 003 - CONTROL NUMBER IDENTIFIER | |
| control field | SGT |
| 020 ## - INTERNATIONAL STANDARD BOOK NUMBER | |
| International Standard Book Number | 978-0-7136-8869-6 |
| 082 ## - DEWEY DECIMAL CLASSIFICATION NUMBER | |
| Classification number | 746.92 |
| Item number | BRO |
| 100 ## - MAIN ENTRY--PERSONAL NAME | |
| Personal name | BRODIE, CHRISTINA |
| 245 ## - TITLE STATEMENT | |
| Title | DESIGN & MAKE FASHION BAGS & PURSES |
| 260 ## - PUBLICATION, DISTRIBUTION, ETC. (IMPRINT) | |
| Place of publication, distribution, etc | UK |
| Name of publisher, distributor, etc | A & C BLACK |
| Year of Publication | 2009 |
| 300 ## - PAGE DESCRIPTION | |
| No. of Pages | 160 |
| 942 ## - ADDED ENTRY ELEMENTS (KOHA) | |
| Source of classification or shelving scheme | Dewey Decimal Classification |
| Koha item type | Books |
| Withdrawn status | Lost status | Source of classification or shelving scheme | Damaged status | Not for loan | Home library | Current library | Shelving location | Date acquired | Vendor Name | Cost, normal purchase price | SGTU | Bill Number | Full call number | Accession No. (Barcode) | Date last seen | Bill Date | Koha item type |
|---|---|---|---|---|---|---|---|---|---|---|---|---|---|---|---|---|---|
| Dewey Decimal Classification | Not For Loan | SGT Science & Social Sciences Library | SGT Science & Social Sciences Library | Reference Book | 03/08/2023 | PANKAJ PUB. | 2468.53 | SGTU | 4726 | 746.92 BRO | FF779 | 03/08/2023 | Books |